<?xml version="1.0" encoding="UTF-8"?><?xml-stylesheet type="text/xsl" href="static/style.xsl"?><OAI-PMH xmlns="http://www.openarchives.org/OAI/2.0/" xmlns:xsi="http://www.w3.org/2001/XMLSchema-instance" xsi:schemaLocation="http://www.openarchives.org/OAI/2.0/ http://www.openarchives.org/OAI/2.0/OAI-PMH.xsd"><responseDate>2026-04-13T13:36:03Z</responseDate><request verb="GetRecord" identifier="oai:www.recercat.cat:2117/108175" metadataPrefix="marc">https://recercat.cat/oai/request</request><GetRecord><record><header><identifier>oai:recercat.cat:2117/108175</identifier><datestamp>2025-07-22T23:49:52Z</datestamp><setSpec>com_2072_1033</setSpec><setSpec>col_2072_452951</setSpec></header><metadata><record xmlns="http://www.loc.gov/MARC21/slim" xmlns:dcterms="http://purl.org/dc/terms/" xmlns:xsi="http://www.w3.org/2001/XMLSchema-instance" xmlns:doc="http://www.lyncode.com/xoai" xsi:schemaLocation="http://www.loc.gov/MARC21/slim http://www.loc.gov/standards/marcxml/schema/MARC21slim.xsd">
   <leader>00925njm 22002777a 4500</leader>
   <datafield ind2=" " ind1=" " tag="042">
      <subfield code="a">dc</subfield>
   </datafield>
   <datafield ind2=" " ind1=" " tag="720">
      <subfield code="a">Said Benkhayi, Ali</subfield>
      <subfield code="e">author</subfield>
   </datafield>
   <datafield ind2=" " ind1=" " tag="260">
      <subfield code="c">2017-06</subfield>
   </datafield>
   <datafield ind2=" " ind1=" " tag="520">
      <subfield code="a">En aquest projecte es pretén dissenyar un canvi intern per les bicicletes urbanes, per poder fer un disseny eficient s’ha estudiat el tipus de les bicicletes urbanes i els problemes que presenta cadascuna.&#xd;
En aquest document també s’ha analitzat totes les maneres de transmetre potencia per tal d’escollir la millor solució, s’ha analitzat en detall els trens epicicloïdals ja que és la millor solució dins de les possibles formes de transmetre potencia.&#xd;
Tenint en compte l’inconvenient que presenten els canvis de les bicicletes urbanes actuals i les relacions de transmissió requerides s’ha dissenyat i calculat un canvi amb trens epicicloïdals. El disseny inclou un prototip fet en 3D amb el programa SOLIDWORKS.&#xd;
La present memòria inclou càlculs manuals de les relacions de transmissió, càlculs manual de l’esforç que ha de suportar la dent de l’engranatge i càlculs amb elements finits fets amb el programa CATIA V5. També inclou un pressupost aproximat del canvi.</subfield>
   </datafield>
   <datafield tag="653" ind2=" " ind1=" ">
      <subfield code="a">Àrees temàtiques de la UPC::Enginyeria mecànica::Disseny i construcció de vehicles</subfield>
   </datafield>
   <datafield tag="653" ind2=" " ind1=" ">
      <subfield code="a">Bicycles</subfield>
   </datafield>
   <datafield tag="653" ind2=" " ind1=" ">
      <subfield code="a">Bicicletes -- Disseny</subfield>
   </datafield>
   <datafield ind2="0" ind1="0" tag="245">
      <subfield code="a">Disseny d'un canvi intern de bicicleta</subfield>
   </datafield>
</record></metadata></record></GetRecord></OAI-PMH>